TRANSFORMER AND INDUCTOR DESIGN HANDBOOK (Record no. 574172)
[ view plain ]
| 000 -LEADER | |
|---|---|
| fixed length control field | 00320nam a22001337a 4500 |
| 020 ## - INTERNATIONAL STANDARD BOOK NUMBER | |
| International Standard Book Number | 0-8247-7828-6 |
| 082 ## - DEWEY DECIMAL CLASSIFICATION NUMBER | |
| Classification number | 621.38153 MOL'T |
| 100 ## - MAIN ENTRY--PERSONAL NAME | |
| Personal name | MCLYMAN, COLONEL WIM |
| 9 (RLIN) | 66161 |
| 245 ## - TITLE STATEMENT | |
| Title | TRANSFORMER AND INDUCTOR DESIGN HANDBOOK |
| 250 ## - EDITION STATEMENT | |
| Edition statement | 2ND |
| 260 ## - PUBLICATION, DISTRIBUTION, ETC. | |
| Place of publication, distribution, etc. | NEWYORK |
| Name of publisher, distributor, etc. | DEKKER |
| Date of publication, distribution, etc. | 1988 |
| 300 ## - PHYSICAL DESCRIPTION | |
| Extent | X,416P |
| 942 ## - ADDED ENTRY ELEMENTS (KOHA) | |
| Koha item type | Book |
| Withdrawn status | Lost status | Damaged status | Not for loan | Permanent Location | Current Location | Shelving location | Date acquired | Total Checkouts | Full call number | Barcode | Date last seen | Price effective from | Koha item type |
|---|---|---|---|---|---|---|---|---|---|---|---|---|---|
| College of Electrical & Mechanical Engineering (CEME) | College of Electrical & Mechanical Engineering (CEME) | Reference | 07/28/2017 | 621.38153 MOL'T | CEME-26790 | 06/28/2021 | 06/28/2021 | Book |
